Metoda kapitalizovaných zisků a metoda DCF pro ocenění podniku: shoda a rozdíly

Metóda kapitalizovaných ziskov presnejšie metóda kapitalizovaných čistých výnosov (KČV) patrí k tradičným metódam oceňovania podnikov v Európe. Pre anglosaské krajiny a globalizujúci sa svet je naopak typická metóda diskontovaných peňažných tokov (DCF). Porovnanie základných princípov oboch metód....

Descrizione completa

Salvato in:
Dettagli Bibliografici
Autore principale: Mařík, Miloš
Altri autori: Maříková, Pavla
Natura: Capitolo di libro
Lingua:ceco
Soggetti:
Tags: Aggiungi Tag
Nessun Tag, puoi essere il primo ad aggiungerne!!

MARC

LEADER 00000naa$a2200000$$$4500
001 0010929
005 20230808081504.6
041 0 |a cze 
044 |a SK 
245 1 0 |a Metoda kapitalizovaných zisků a metoda DCF pro ocenění podniku: shoda a rozdíly  |c aut. Miloš Mařík, Pavla Maříková 
520 |a Metóda kapitalizovaných ziskov presnejšie metóda kapitalizovaných čistých výnosov (KČV) patrí k tradičným metódam oceňovania podnikov v Európe. Pre anglosaské krajiny a globalizujúci sa svet je naopak typická metóda diskontovaných peňažných tokov (DCF). Porovnanie základných princípov oboch metód. Určovanie diskontnej miery. Vlastný prepočet výnosovej hodnoty. Príklad porovnania prepočtu výnosovej hodnoty podľa metódy DCF entity a podľa metódy KČV. Podkladové informácie pre plán a ocenenie podniku Mates, a.s. Záver. 
610 2 0 |a oceňovanie ekonomické 
610 2 0 |a podnik 
610 2 0 |a výnosy podnikové 
610 2 0 |a metódy 
610 2 0 |a hodnota podniku 
610 2 0 |a výsledok hospodársky 
100 1 |a Mařík, Miloš 
700 1 |a Maříková, Pavla